<?xml version="1.0" encoding="UTF-8"?><marc:collection xmlns:marc="http://www.loc.gov/MARC21/slim">
  <marc:record>
    <marc:leader>04666nas a2200757 c 4500</marc:leader>
    <marc:controlfield tag="001">010052704</marc:controlfield>
    <marc:controlfield tag="003">DE-101</marc:controlfield>
    <marc:controlfield tag="005">20250311204453.0</marc:controlfield>
    <marc:controlfield tag="006">sb</marc:controlfield>
    <marc:controlfield tag="006">sq</marc:controlfield>
    <marc:controlfield tag="007">tu</marc:controlfield>
    <marc:controlfield tag="008">991118c19639999xxkz||p|  ||| 0||||1eng c</marc:controlfield>
    <marc:datafield tag="016" ind1="7" ind2=" ">
      <marc:subfield code="2">DE-600</marc:subfield>
      <marc:subfield code="a">3509-9</marc:subfield>
    </marc:datafield>
    <marc:datafield tag="016" ind1="7" ind2=" ">
      <marc:subfield code="2">DE-101</marc:subfield>
      <marc:subfield code="a">010052704</marc:subfield>
    </marc:datafield>
    <marc:datafield tag="022" ind1=" " ind2=" ">
      <marc:subfield code="a">0020-7985</marc:subfield>
    </marc:datafield>
    <marc:datafield tag="035" ind1=" " ind2=" ">
      <marc:subfield code="a">(DE-599)ZDB3509-9</marc:subfield>
    </marc:datafield>
    <marc:datafield tag="035" ind1=" " ind2=" ">
      <marc:subfield code="a">(OCoLC)1367274919</marc:subfield>
    </marc:datafield>
    <marc:datafield tag="040" ind1=" " ind2=" ">
      <marc:subfield code="a">9001</marc:subfield>
      <marc:subfield code="b">ger</marc:subfield>
      <marc:subfield code="c">DE-101</marc:subfield>
      <marc:subfield code="d">9999</marc:subfield>
    </marc:datafield>
    <marc:datafield tag="041" ind1=" " ind2=" ">
      <marc:subfield code="a">eng</marc:subfield>
    </marc:datafield>
    <marc:datafield tag="042" ind1=" " ind2=" ">
      <marc:subfield code="a">zdb</marc:subfield>
    </marc:datafield>
    <marc:datafield tag="044" ind1=" " ind2=" ">
      <marc:subfield code="c">XA-GB</marc:subfield>
      <marc:subfield code="c">XA-CH</marc:subfield>
    </marc:datafield>
    <marc:datafield tag="082" ind1="7" ind2="4">
      <marc:subfield code="a">050</marc:subfield>
      <marc:subfield code="q">DE-101</marc:subfield>
      <marc:subfield code="2">22sdnb</marc:subfield>
    </marc:datafield>
    <marc:datafield tag="083" ind1="7" ind2=" ">
      <marc:subfield code="a">300</marc:subfield>
      <marc:subfield code="a">330</marc:subfield>
      <marc:subfield code="q">DE-600</marc:subfield>
      <marc:subfield code="2">22sdnb</marc:subfield>
    </marc:datafield>
    <marc:datafield tag="084" ind1=" " ind2=" ">
      <marc:subfield code="a">3,4</marc:subfield>
      <marc:subfield code="a">14</marc:subfield>
      <marc:subfield code="2">ssgn</marc:subfield>
    </marc:datafield>
    <marc:datafield tag="084" ind1=" " ind2=" ">
      <marc:subfield code="a">MA 1000</marc:subfield>
      <marc:subfield code="a">MN 1000</marc:subfield>
      <marc:subfield code="2">rvk</marc:subfield>
    </marc:datafield>
    <marc:datafield tag="210" ind1="0" ind2="0">
      <marc:subfield code="a">Internat Migration</marc:subfield>
    </marc:datafield>
    <marc:datafield tag="245" ind1="0" ind2="0">
      <marc:subfield code="a">International migration</marc:subfield>
      <marc:subfield code="c">IOM International Organization for Migration</marc:subfield>
    </marc:datafield>
    <marc:datafield tag="247" ind1="0" ind2="0">
      <marc:subfield code="a">Migrations internationales</marc:subfield>
      <marc:subfield code="f">Parallelsacht. anfangs</marc:subfield>
    </marc:datafield>
    <marc:datafield tag="247" ind1="0" ind2="0">
      <marc:subfield code="a">Migraciones internacionales</marc:subfield>
      <marc:subfield code="f">Parallelsacht. anfangs</marc:subfield>
    </marc:datafield>
    <marc:datafield tag="247" ind1="0" ind2="0">
      <marc:subfield code="a">INMI</marc:subfield>
      <marc:subfield code="f">Nebent. anfangs</marc:subfield>
    </marc:datafield>
    <marc:datafield tag="247" ind1="0" ind2="0">
      <marc:subfield code="a">quarterly review on the role of migratory movements in the contemporary world</marc:subfield>
      <marc:subfield code="f">Zusatz anfangs</marc:subfield>
    </marc:datafield>
    <marc:datafield tag="264" ind1="3" ind2="1">
      <marc:subfield code="a">Oxford [u.a.]</marc:subfield>
      <marc:subfield code="b">Wiley-Blackwell</marc:subfield>
      <marc:subfield code="c">1963-</marc:subfield>
    </marc:datafield>
    <marc:datafield tag="264" ind1="2" ind2="1">
      <marc:subfield code="3">anfangs</marc:subfield>
      <marc:subfield code="a">Geneva [u.a.]</marc:subfield>
      <marc:subfield code="b">Intergovernmental Commitee for European Migration and the Research Group for European Migration</marc:subfield>
    </marc:datafield>
    <marc:datafield tag="264" ind1="2" ind2="1">
      <marc:subfield code="3">früher</marc:subfield>
      <marc:subfield code="a">Geneva</marc:subfield>
      <marc:subfield code="b">IOM</marc:subfield>
    </marc:datafield>
    <marc:datafield tag="264" ind1="2" ind2="1">
      <marc:subfield code="3">-2008,1</marc:subfield>
      <marc:subfield code="a">Oxford [u.a.]</marc:subfield>
      <marc:subfield code="b">Blackwell</marc:subfield>
    </marc:datafield>
    <marc:datafield tag="336" ind1=" " ind2=" ">
      <marc:subfield code="a">Text</marc:subfield>
      <marc:subfield code="b">txt</marc:subfield>
      <marc:subfield code="2">rdacontent</marc:subfield>
    </marc:datafield>
    <marc:datafield tag="337" ind1=" " ind2=" ">
      <marc:subfield code="a">ohne Hilfsmittel zu benutzen</marc:subfield>
      <marc:subfield code="b">n</marc:subfield>
      <marc:subfield code="2">rdamedia</marc:subfield>
    </marc:datafield>
    <marc:datafield tag="338" ind1=" " ind2=" ">
      <marc:subfield code="a">Band</marc:subfield>
      <marc:subfield code="b">nc</marc:subfield>
      <marc:subfield code="2">rdacarrier</marc:subfield>
    </marc:datafield>
    <marc:datafield tag="362" ind1="0" ind2=" ">
      <marc:subfield code="a">1.1963 -</marc:subfield>
    </marc:datafield>
    <marc:datafield tag="363" ind1="0" ind2="1">
      <marc:subfield code="8">1.1\x</marc:subfield>
      <marc:subfield code="a">1</marc:subfield>
      <marc:subfield code="i">1963</marc:subfield>
    </marc:datafield>
    <marc:datafield tag="365" ind1=" " ind2=" ">
      <marc:subfield code="b">: L 7.00 (Einzelh.), $ 11.00 (Einzelh.), L 20.00 (Einzelh. for institutions), $ 33.00 (Einzelh. for institutions), L 36.00, (jährl.), $ 55.00 (jährl.), L 100.00 (jährl. for institutions), $ 165.00 (jährl. for institutios)</marc:subfield>
    </marc:datafield>
    <marc:datafield tag="515" ind1=" " ind2=" ">
      <marc:subfield code="a">Ersch. 5x jährl., bis 37.1999 vierteljährl., 38.2000 - 40.2002 zweimonatl.</marc:subfield>
    </marc:datafield>
    <marc:datafield tag="550" ind1=" " ind2=" ">
      <marc:subfield code="a">Urh. anfangs: Intergovernmental Commitee for European Migration and the Research Group for European Migration</marc:subfield>
    </marc:datafield>
    <marc:datafield tag="591" ind1=" " ind2=" ">
      <marc:subfield code="a">C!Beil.-NAIIA!HZV!206!läuft noch(02-05-16)</marc:subfield>
    </marc:datafield>
    <marc:datafield tag="650" ind1=" " ind2="7">
      <marc:subfield code="0">(DE-588)4162051-3</marc:subfield>
      <marc:subfield code="0">https://d-nb.info/gnd/4162051-3</marc:subfield>
      <marc:subfield code="0">(DE-101)041620518</marc:subfield>
      <marc:subfield code="a">Internationale Migration</marc:subfield>
      <marc:subfield code="9">rswk-swf</marc:subfield>
      <marc:subfield code="2">gnd</marc:subfield>
    </marc:datafield>
    <marc:datafield tag="650" ind1=" " ind2="7">
      <marc:subfield code="0">(DE-588)4067488-5</marc:subfield>
      <marc:subfield code="0">https://d-nb.info/gnd/4067488-5</marc:subfield>
      <marc:subfield code="0">(DE-101)040674886</marc:subfield>
      <marc:subfield code="a">Zeitschrift</marc:subfield>
      <marc:subfield code="9">rswk-swf</marc:subfield>
      <marc:subfield code="2">gnd</marc:subfield>
    </marc:datafield>
    <marc:datafield tag="650" ind1=" " ind2="7">
      <marc:subfield code="0">(DE-588)4162051-3</marc:subfield>
      <marc:subfield code="0">https://d-nb.info/gnd/4162051-3</marc:subfield>
      <marc:subfield code="0">(DE-101)041620518</marc:subfield>
      <marc:subfield code="a">Internationale Migration</marc:subfield>
      <marc:subfield code="9">rswk-swf</marc:subfield>
      <marc:subfield code="2">gnd</marc:subfield>
    </marc:datafield>
    <marc:datafield tag="655" ind1=" " ind2="7">
      <marc:subfield code="0">(DE-588)4067488-5</marc:subfield>
      <marc:subfield code="0">https://d-nb.info/gnd/4067488-5</marc:subfield>
      <marc:subfield code="0">(DE-101)040674886</marc:subfield>
      <marc:subfield code="a">Zeitschrift</marc:subfield>
      <marc:subfield code="2">gnd-content</marc:subfield>
    </marc:datafield>
    <marc:datafield tag="655" ind1=" " ind2="7">
      <marc:subfield code="a">Zeitschrift</marc:subfield>
      <marc:subfield code="9">rswk-swf</marc:subfield>
      <marc:subfield code="2">gnd</marc:subfield>
    </marc:datafield>
    <marc:datafield tag="689" ind1="0" ind2="0">
      <marc:subfield code="0">(DE-588)4162051-3</marc:subfield>
      <marc:subfield code="0">https://d-nb.info/gnd/4162051-3</marc:subfield>
      <marc:subfield code="0">(DE-101)041620518</marc:subfield>
      <marc:subfield code="D">s</marc:subfield>
      <marc:subfield code="a">Internationale Migration</marc:subfield>
    </marc:datafield>
    <marc:datafield tag="689" ind1="0" ind2="1">
      <marc:subfield code="0">(DE-588)4067488-5</marc:subfield>
      <marc:subfield code="0">https://d-nb.info/gnd/4067488-5</marc:subfield>
      <marc:subfield code="0">(DE-101)040674886</marc:subfield>
      <marc:subfield code="D">s</marc:subfield>
      <marc:subfield code="a">Zeitschrift</marc:subfield>
    </marc:datafield>
    <marc:datafield tag="689" ind1="0" ind2=" ">
      <marc:subfield code="5">DE-600</marc:subfield>
      <marc:subfield code="5">DE-600</marc:subfield>
    </marc:datafield>
    <marc:datafield tag="689" ind1="1" ind2="0">
      <marc:subfield code="0">(DE-588)4162051-3</marc:subfield>
      <marc:subfield code="0">https://d-nb.info/gnd/4162051-3</marc:subfield>
      <marc:subfield code="0">(DE-101)041620518</marc:subfield>
      <marc:subfield code="D">s</marc:subfield>
      <marc:subfield code="a">Internationale Migration</marc:subfield>
    </marc:datafield>
    <marc:datafield tag="689" ind1="1" ind2="1">
      <marc:subfield code="A">f</marc:subfield>
      <marc:subfield code="a">Zeitschrift</marc:subfield>
    </marc:datafield>
    <marc:datafield tag="689" ind1="1" ind2=" ">
      <marc:subfield code="5">DE-600</marc:subfield>
      <marc:subfield code="5">DE-600</marc:subfield>
    </marc:datafield>
    <marc:datafield tag="710" ind1="2" ind2=" ">
      <marc:subfield code="0">(DE-588)5015810-7</marc:subfield>
      <marc:subfield code="0">https://d-nb.info/gnd/5015810-7</marc:subfield>
      <marc:subfield code="0">(DE-101)050158104</marc:subfield>
      <marc:subfield code="a">International Organization for Migration</marc:subfield>
      <marc:subfield code="e">Herausgebendes Organ</marc:subfield>
      <marc:subfield code="4">isb</marc:subfield>
      <marc:subfield code="2">gnd</marc:subfield>
    </marc:datafield>
    <marc:datafield tag="776" ind1="0" ind2="8">
      <marc:subfield code="i">Erscheint auch als</marc:subfield>
      <marc:subfield code="n">Online-Ausgabe</marc:subfield>
      <marc:subfield code="t">International migration</marc:subfield>
      <marc:subfield code="d">Oxford : Wiley-Blackwell, 1963-</marc:subfield>
      <marc:subfield code="h">Online-Ressource</marc:subfield>
      <marc:subfield code="x">1468-2435</marc:subfield>
      <marc:subfield code="w">(DE-600)1482677-X</marc:subfield>
      <marc:subfield code="w">(DE-101)019755791</marc:subfield>
    </marc:datafield>
    <marc:datafield tag="780" ind1="0" ind2="0">
      <marc:subfield code="i">Vorg.:</marc:subfield>
      <marc:subfield code="a">Intergovernmental Committee for European Migration / Research Group for European Migration Problems</marc:subfield>
      <marc:subfield code="t">REMP bulletin</marc:subfield>
      <marc:subfield code="d">The Hague : [Verlag nicht ermittelbar], 1952-1962</marc:subfield>
      <marc:subfield code="w">(DE-600)3520-8</marc:subfield>
      <marc:subfield code="w">(DE-101)010052887</marc:subfield>
    </marc:datafield>
    <marc:datafield tag="780" ind1="0" ind2="0">
      <marc:subfield code="i">Vorg.:</marc:subfield>
      <marc:subfield code="t">Migration</marc:subfield>
      <marc:subfield code="d">Geneva : Committee, 1961-1962</marc:subfield>
      <marc:subfield code="w">(DE-600)748439-2</marc:subfield>
      <marc:subfield code="w">(DE-101)014044579</marc:subfield>
    </marc:datafield>
    <marc:datafield tag="787" ind1="0" ind2="8">
      <marc:subfield code="i">12,3=1; 14,1/3=2; 15,2/3=3; 17,1/2=4; 19,1/2=5 von</marc:subfield>
      <marc:subfield code="a">Seminar on Adaptation and Integration of Permanent Immigrants</marc:subfield>
      <marc:subfield code="t">Seminar on Adaptation and Integration of Permanent Immigrants</marc:subfield>
      <marc:subfield code="d">Geneva : [Verlag nicht ermittelbar], 1974-1981</marc:subfield>
      <marc:subfield code="w">(DE-600)1190695-9</marc:subfield>
      <marc:subfield code="w">(DE-101)017179572</marc:subfield>
    </marc:datafield>
    <marc:datafield tag="787" ind1="0" ind2="8">
      <marc:subfield code="i">21,2=6 von</marc:subfield>
      <marc:subfield code="a">Seminar on Adaptation and Integration of Immigrants</marc:subfield>
      <marc:subfield code="t">Seminar on Adaptation and Integration of Immigrants</marc:subfield>
      <marc:subfield code="d">Geneva : [Verlag nicht ermittelbar], 1983-</marc:subfield>
      <marc:subfield code="w">(DE-600)2501490-0</marc:subfield>
      <marc:subfield code="w">(DE-101)994912544</marc:subfield>
    </marc:datafield>
    <marc:datafield tag="787" ind1="0" ind2="8">
      <marc:subfield code="i">24,1=7 von</marc:subfield>
      <marc:subfield code="a">Seminar on Adaptation and Integration of Migrants</marc:subfield>
      <marc:subfield code="t">Seminar on Adaptation and Integration of Migrants</marc:subfield>
      <marc:subfield code="d">Geneva : [Verlag nicht ermittelbar], 1986-</marc:subfield>
      <marc:subfield code="w">(DE-600)2501497-3</marc:subfield>
      <marc:subfield code="w">(DE-101)994912749</marc:subfield>
    </marc:datafield>
    <marc:datafield tag="787" ind1="0" ind2="8">
      <marc:subfield code="i">38,3=2000,1; 38,6=2000,2; 39,5=2001,1; 39,6=2001,2; 40,3=2002,1; 40,5=2002,2; 41,3=2003,1; 43,1/2=2005,1; 44,3=2006,1 von</marc:subfield>
      <marc:subfield code="t">International migration / Special issue</marc:subfield>
      <marc:subfield code="d">Oxford [u.a.] : Blackwell, 2000-</marc:subfield>
      <marc:subfield code="w">(DE-600)2103097-2</marc:subfield>
      <marc:subfield code="w">(DE-101)024368970</marc:subfield>
    </marc:datafield>
    <marc:datafield tag="850" ind1=" " ind2=" ">
      <marc:subfield code="a">DE-101a</marc:subfield>
      <marc:subfield code="a">DE-101b</marc:subfield>
    </marc:datafield>
    <marc:datafield tag="889" ind1=" " ind2=" ">
      <marc:subfield code="w">(DE-101)947626778</marc:subfield>
    </marc:datafield>
    <marc:datafield tag="889" ind1=" " ind2=" ">
      <marc:subfield code="w">(DE-600)2062686-1</marc:subfield>
    </marc:datafield>
  </marc:record>
</marc:collection>
